00607cam a2200193ua 4500001000400000008003900004040000900043082001200052245006300064250000900127260003300136300002500169653002300194653004900217700001500266942000700281999001300288952011200301744110419n ii |||gr||||Z||||||eng cMAIN a352.0731 aLocal self govt. in United States of America.cBy B C Rai. a1st. aLuchnow.:bprakashan kendra. avii, 256 p.:c20 cm. aPolitical science. aLocal self govt. in United State of America.1 aRai, B C., cBK c671d671 00104070aMAINbMAINcGEN | 2d2020-09-19l0o352.073 | RAIp1181r2020-09-19 00:00:00t1w2020-09-19yBK